000 00549cam a22002291 4500
001 sa 63002909
003 DLC
005 20260227111937.0
008 940805s1962 ii 000 1 beno
010 _asa 63002909
025 _aPL480:I-B-400
035 _a(OCoLC)30890559
040 _aDLC
_cCU
_dCU
_dDLC
042 _apremarc
050 0 0 _aPK1718.C423
_bN3
100 1 _aChatterjee, Hari Narayan,
_d1916-
245 1 0 _aNakshatrera jāla.
260 _c[1962]
300 _a218 p.
_c23 cm.
500 _aIn Bengali.
500 _aA novel.
999 _c54763
_d54763